| 000 | 00927cam a22002773a 4500 | ||
|---|---|---|---|
| 001 | 14031 | ||
| 003 | PGUSA | ||
| 005 | 20140828083312.0 | ||
| 008 | 041112s2004||||xxu|||||s|||||000 | eng d | ||
| 040 |
_aPGUSA _beng |
||
| 042 | _adc | ||
| 050 | 4 | _aPA | |
| 100 | 1 |
_aErasmus, Desiderius, _d1469-1536 |
|
| 245 | 1 | 4 |
_aThe Colloquies of Erasmus, Volume I. _h[electronic resource] / _cDesiderius Erasmus |
| 260 |
_bProject Gutenberg, _c2004 |
||
| 506 | _aPublic domain in the USA. | ||
| 516 | _aElectronic text | ||
| 653 | _aDidactic literature, Latin (Medieval and modern) -- Translations into English | ||
| 653 | _aImaginary conversations | ||
| 653 | _aDialogues, Latin (Medieval and modern) -- Translations into English | ||
| 700 | 1 |
_aBailey, N. _q(Nathan), _d-1742 |
|
| 700 | 1 |
_aJohnson, E. _q(Edwin), _d1842-1901 |
|
| 830 | 0 |
_aProject Gutenberg _v14031 |
|
| 856 | 4 | 0 | _uhttp://www.gutenberg.org/ebooks/14031 |
| 942 | _cEB | ||
| 999 |
_c243286 _d243286 |
||